000 01663nam a22002177a 4500
005 20220413112934.0
008 220413b ||||| |||| 00| 0 eng d
020 _a9781859182024
040 _cAL
041 _aEnglish
082 _223
_a941.5081
_bLEGA
100 _aMarie Louise Legg
_929811
245 _aAlfred Webb:the Autobiography of a Quaker Nationalist
260 _aIreland
_bCork University Press
_c1999
300 _avi,100 p.
_bPB
_c19x12 cm.
365 _c$
_d$14.73
520 _aAlfred Webb (1834-1908) the son of a radical Quaker printer and publicist, he brought a rare breadth of vision and moral courage to Ireland's campaigns for Home Rule and land reform. His parliamentary career was limited to five unsettling years marred by the bitter split over Parnell's leadership, but Webb played a key administrative role in every major nationalist organization from Butt's Home Government Association to the United Irish League. Webb's wide-ranging radicalism was evident in his early involvement in the anti-slavery movement and his later associations with anti-colonial struggles outside Ireland. His contribution to Irish nationalism was soon forgotten, but his presidency of the Madras National Congress of 1894 is still remembered in India. Written in longhand shortly before his death, Webb's reflective yet circumstantial autobiography offers fresh perspectives on Irish and Indian nationalism. The editor's introduction further unveils the unique career of an influential moralist negotiating the murky waters of nationalist politics.
650 _aAutobiography
_929812
700 _aLEGG (Marie Louise)
_929813
942 _2ddc
_cGF
999 _c222416
_d222416